000 00368cam a2200145ua 4500
041 _aeng
_h
082 _a821
_bROB/FA
100 _aRoberts, Michael .
245 _aFaber book of modern verse /
_cMichael Roberts.
_hTextual Documents
260 _aLondon :
_bFaber and Faber Ltd ,
_c1965.
300 _a416 ; .
504 _a
942 _cBK
999 _c12659
_d12659